00681pab a2200169 454500008004000000100002100040245003500061260000900096300001500105362001000120520018700130650002800317773003400345909001000379999001700389952010500406180718b1999 xxu||||| |||| 00| 0 eng d aNavlakha, Gautam aKargil: costs and consequences c1999 ap.1747-749 a3 Jul aWhat is the price the Government of India wants the country to pay for military re-occupying the heights `lost' in the first place because of the government's own folly? - Reproduced aInternational relations aEconomic and Political Weekly a41419 c41419d41419 00104070aIIPAbIIPAd2018-07-19hVolume no: 34, Issue no: 27pAR41795r2018-07-19w2018-07-19yAR